|
|
|
|
| LEADER |
02750nam a22005175i 4500 |
| 001 |
978-3-540-74843-4 |
| 003 |
DE-He213 |
| 005 |
20151125212502.0 |
| 007 |
cr nn 008mamaa |
| 008 |
101222s2010 gw | s |||| 0|eng d |
| 020 |
|
|
|a 9783540748434
|9 978-3-540-74843-4
|
| 024 |
7 |
|
|a 10.1007/978-3-540-74843-4
|2 doi
|
| 040 |
|
|
|d GrThAP
|
| 050 |
|
4 |
|a RD1-811
|
| 072 |
|
7 |
|a MN
|2 bicssc
|
| 072 |
|
7 |
|a MED085000
|2 bisacsh
|
| 082 |
0 |
4 |
|a 617
|2 23
|
| 100 |
1 |
|
|a Katkhouda, Namir.
|e author.
|
| 245 |
1 |
0 |
|a Advanced Laparoscopic Surgery
|h [electronic resource] :
|b Techniques and Tips /
|c by Namir Katkhouda.
|
| 264 |
|
1 |
|a Berlin, Heidelberg :
|b Springer Berlin Heidelberg,
|c 2010.
|
| 300 |
|
|
|a XVII, 286 p. 255 illus. in color.
|b online resource.
|
| 336 |
|
|
|a text
|b txt
|2 rdacontent
|
| 337 |
|
|
|a computer
|b c
|2 rdamedia
|
| 338 |
|
|
|a online resource
|b cr
|2 rdacarrier
|
| 347 |
|
|
|a text file
|b PDF
|2 rda
|
| 505 |
0 |
|
|a General concepts -- Cholecystectomy -- Common Bile Duct Exploration and Bilioenteric Anastomoses -- Liver Surgery -- Esophageal Surgery -- Gastric Surgery -- Appendectomy -- Colorectal Procedures -- Small Bowel Obstruction -- Inguinal Hernia Repair -- Laparoscopic Incisional and Ventral Hernia Repair -- Splenectomy (Total and Partial) and Splenopancreatectomy -- Adrenalectomy -- Bariatric Surgery -- Single-Access Laparoscopic Surgery (SALS) -- Advanced Laparoscopic Suturing Techniques -- Index.
|
| 520 |
|
|
|a This second edition of Advanced Laparoscopic Surgery, Techniques and Tips represents a comprehensive description of the current laparoscopic techniques. It supplies surgeons with all the information necessary to successfully accomplish laparoscopic surgery. It is a hands-on manual that helps the surgeon avoid pitfalls and acquire the necessary laparoscopic skills quickly and efficiently. It is a ready source of practical help when trouble-shooting is necessary. Advanced laparoscopic surgery is an excellent merger of a textbook and atlas for the surgeon who wants to extend and refine his laparoscopic techniques.
|
| 650 |
|
0 |
|a Medicine.
|
| 650 |
|
0 |
|a Surgery.
|
| 650 |
|
0 |
|a Abdominal surgery.
|
| 650 |
|
0 |
|a Rectum
|x Surgery.
|
| 650 |
|
0 |
|a Minimally invasive surgery.
|
| 650 |
|
0 |
|a Vascular surgery.
|
| 650 |
1 |
4 |
|a Medicine & Public Health.
|
| 650 |
2 |
4 |
|a Surgery.
|
| 650 |
2 |
4 |
|a Abdominal Surgery.
|
| 650 |
2 |
4 |
|a Colorectal Surgery.
|
| 650 |
2 |
4 |
|a Minimally Invasive Surgery.
|
| 650 |
2 |
4 |
|a General Surgery.
|
| 650 |
2 |
4 |
|a Vascular Surgery.
|
| 710 |
2 |
|
|a SpringerLink (Online service)
|
| 773 |
0 |
|
|t Springer eBooks
|
| 776 |
0 |
8 |
|i Printed edition:
|z 9783540748427
|
| 856 |
4 |
0 |
|u http://dx.doi.org/10.1007/978-3-540-74843-4
|z Full Text via HEAL-Link
|
| 912 |
|
|
|a ZDB-2-SME
|
| 950 |
|
|
|a Medicine (Springer-11650)
|